BFDI Guess The Contestants (Sudden Death) - Statistics

General Stats
  • This quiz has been taken 61 times
  • The average score is 13 of 15
Answers on the Grid
Answers color-coded by a green-red scale on the quiz's grid according to % correct below.
Paintbrush
Blocky
Eraser
Pin
Knife
Bob Omb
Bomby
Strudel
Ricey
Sock
Shoe
Dime
Tennis Ball
Golf Ball
Hat
Baseball
Microphone
Computer
Rocky
Pencil
Match
Watery
Book
Teardrop
Lamp
Door
Pillow
Winner
Snowball
Fries
 
Answer Stats
Answer % Correct
Blocky
98%
Eraser
95%
Pin
95%
Golf Ball
88%
Match
88%
Snowball
88%
Tennis Ball
88%
Fries
86%
Pencil
86%
Teardrop
86%
Bomby
84%
Book
84%
Pillow
84%
Rocky
84%
Winner
81%
No matching quizzes found
Score Distribution
Percent of People with Each Score
Percentile by Number Answered
Your Score History
You have not taken this quiz